Literatura s hvězdou Davidovou : slovníková příručka k dějinám česko-židovských a česko-židovsko-německých literárních vztahů 19. a 20. století /

Hlavní autor: Mikulášek, Alexej, 1962-
Další autoři: Glosíková, Viera, Schulz, Antonín B., Švábová, Jana, 1952-2011
Jazyk: Čeština
Vydáno: Praha : Votobia, 1998-2002
Vydání: 1. vyd.
Edice: Velká řada (Votobia)
Témata:
Externí odkaz: Digitalizovan dokument
Fyzický popis: 2 sv. : il., portréty, faksim. ; 21 cm
Odebírané svazky: 1-2, 1-2
Knihy
Uloženo v:
LEADER 03079nam a2200685 aa4500
001 000606817
003 CZ BrMZK
005 20251023101920.0
007 ta
008 020618m19982002xr e f ccze d
015 |a cnb001191092 
020 |a 80-7220-019-4  |q (sv. 1 :  |q brož.) 
020 |a 80-7220-082-8  |q (sv. 2 :  |q brož.) 
035 |a (OCoLC)41572485 
040 |a ABA001  |b cze 
043 |a e-xr--- 
045 |a w-x- 
072 7 |a 82  |x Literatura. Literární život  |2 Konspekt  |9 11 
080 9 |a 821.162.3  |2 MRF 
080 |a 821.162.3-051  |2 MRF 
080 |a 821.112.2  |2 MRF 
080 |a 821.112.2-051  |2 MRF 
080 |a 821(=411.16)  |2 MRF 
080 |a 821(=411.16)-051  |2 MRF 
080 |a (437.3)  |2 MRF 
080 |a (035)  |2 MRF 
080 |a (031)  |2 MRF 
100 1 |a Mikulášek, Alexej,  |d 1962-  |7 jn20010309041  |4 aut 
245 1 0 |a Literatura s hvězdou Davidovou :  |b slovníková příručka k dějinám česko-židovských a česko-židovsko-německých literárních vztahů 19. a 20. století /  |c Alexej Mikulášek, Jana Švábová, Antonín B. Schulz a kolektiv 
250 |a 1. vyd. 
260 |a Praha :  |b Votobia,  |c 1998-2002 
300 |a 2 sv. :  |b il., portréty, faksim. ;  |c 21 cm 
490 1 |a Velká řada 
500 |a Edice uvedena pouze u 1. dílu 
500 |a V 1. díle místo Jany Švábové uvedena Viera Glosíková 
500 |a Vyd. uvedeno pouze u 1. dílu 
504 |a Obsahuje bibliografie a rejstřík 
505 0 |a sv. 1. 1998. 450 s. -- sv. 2. 2002. 309 s. 
648 4 |a 1780- 
648 4 |a 19.-20. stol. 
650 0 7 |a židovská literatura  |7 ph127990  |y 19.-20. stol.  |z Česko  |2 czenas 
650 0 7 |a čeští spisovatelé  |7 ph128175  |y 19.-20. stol.  |2 czenas 
650 0 7 |a německy píšící spisovatelé  |7 ph123478  |y 19.-20. stol.  |z Česko  |2 czenas 
650 0 7 |a židovští spisovatelé  |7 ph128012  |y 19.-20. stol.  |z Česko  |2 czenas 
650 0 7 |a česká literatura  |7 ph116858  |y 1780-  |2 czenas 
650 0 7 |a německy psaná literatura  |7 ph123460  |y 19.-20. stol.  |z Česko  |2 czenas 
655 7 |a biografické slovníky  |7 fd131906  |2 czenas 
655 7 |a příručky  |7 fd133209  |2 czenas 
700 1 |a Glosíková, Viera  |7 jn20010309042  |4 aut 
700 1 |a Schulz, Antonín B.  |7 jn20010309043  |4 aut 
700 1 |a Švábová, Jana,  |d 1952-2011  |7 jn19981002490  |4 trl 
830 0 |a Velká řada (Votobia)  |0 s 
856 4 1 |u https://www.digitalniknihovna.cz/mzk/uuid/uuid:2a15c930-9af6-11e3-8e84-005056827e51  |y Digitalizovan dokument  |x NDK 
910 |a BOA001  |b 2-1087.032  |b KPB-0001.226  |s 1-2, 1-2 
920 |a 000564684 
990 |a BK 
996 6 |b 2610137357  |c 2-1087.032  |d Sv. 1  |v 1  |l MZK  |r Sklad / do 1 hodiny  |n 9  |p kup  |w 000606817  |u 000030  |a 1  |e BOA001  |j MZK50  |s P 
996 6 |b 2610165167  |c 2-1087.032  |d Sv. 2  |v 2  |l MZK  |r HSS 4p  |n 0  |p kup  |h 821.162.3 LIT  |w 000606817  |u 000010  |a 0  |e BOA001  |j MZK50  |s P 
996 7 |b 2610169679  |c 2-1087.032  |d Sv. 2  |v 2  |l Vol.výběr  |r VV 1p  |n 16  |p p.v.  |h 821.162.3 LIT  |w 000606817  |u 000020  |a 0  |e BOA001  |j MZK50  |s A 
996 6 |b 2610297302  |c 2-1087.032  |d Sv. 1  |v 1  |l MZK  |r HSS 4p  |n 16  |p kup  |h 821.162.3 LIT  |w 000606817  |u 000040  |a 0  |e BOA001  |j MZK50  |s P